World developmet indicators 2007
The book include 6 parts: Part 1: World view; Part 2: People; Part 3: Environment; Part 4: Economy; Part 5: States and markets; Part 6: Global links
Gardado en:
| Autor Corporativo: | |
|---|---|
| Formato: | Libro |
| Idioma: | Undetermined |
| Publicado: |
Washington, D.C.
The World Bank
2007
|
| Những chủ đề: | |
| Các nhãn: |
Engadir etiqueta
Sen Etiquetas, Sexa o primeiro en etiquetar este rexistro!
|
| Thư viện lưu trữ: | Trung tâm Học liệu Trường Đại học Cần Thơ |
|---|
| LEADER | 00771nam a2200217Ia 4500 | ||
|---|---|---|---|
| 001 | CTU_125499 | ||
| 008 | 210402s9999 xx 000 0 und d | ||
| 082 | |a 330.9 | ||
| 082 | |b W927 | ||
| 110 | |a The World Bank | ||
| 245 | 0 | |a World developmet indicators 2007 | |
| 245 | 4 | |c The World Bank | |
| 260 | |a Washington, D.C. | ||
| 260 | |b The World Bank | ||
| 260 | |c 2007 | ||
| 520 | |a The book include 6 parts: Part 1: World view; Part 2: People; Part 3: Environment; Part 4: Economy; Part 5: States and markets; Part 6: Global links | ||
| 650 | |a Economic indicators,Social indicators,Economic development,Economic history | ||
| 650 | |x Statistics,2007,Statistics | ||
| 904 | |i Minh | ||
| 910 | |a AV.005019 | ||
| 980 | |a Trung tâm Học liệu Trường Đại học Cần Thơ | ||